Regiony Celtyckie - Nagła śmierć - Statystyki

Ogólne statystyki
  • Ten quiz został rozwiązany 25 razy
  • Średni wynik to 4 z 6
Answers on the Grid
Answers color-coded by a green-red scale on the quiz's grid according to % correct below.
Irlandia
Irlandia Północna
Kornwalia
Szkocja
Bretania
Walia
Anglia
Normandia
Fryzja
Francja
Walonia
Dania
Brugia
 
Statystyki odpowiedzi
Odpowiedź % Poprawnych
Szkocja
78%
Bretania
67%
Kornwalia
61%
Walia
61%
Irlandia
50%
Irlandia Północna
44%
Nie znaleziono quizów pasujących do podanych kryteriów
Rozkład punktacji
Procent ludzi z każdym wynikiem
Percentyl według liczby udzielonych odpowiedzi
Twoja historia wyników
Nie rozwiązałeś tego quizu